000
00389nam a2200145Ia 4500
008
100122s9999 xx 000 0 und d
082
_b
52162
_a
81
100
_a
कलंदर
245
_a
कानोकानी
260
_b
रोहन प्रकाशन
_c
1996
300
_a
175
630
_a
कानोकानी
730
_a
कानोकानी
942
_c
BOOK
999
_c
429433
_d
429430